LEADER 03684nam 2200769Ia 450 001 9910457637303321 005 20210521145444.0 010 $a0-8166-8638-6 035 $a(CKB)1000000000347113 035 $a(EBL)310325 035 $a(OCoLC)476093868 035 $a(SSID)ssj0000284266 035 $a(PQKBManifestationID)11233561 035 $a(PQKBTitleCode)TC0000284266 035 $a(PQKBWorkID)10252242 035 $a(PQKB)10554323 035 $a(SSID)ssj0000986361 035 $a(PQKBManifestationID)11537386 035 $a(PQKBTitleCode)TC0000986361 035 $a(PQKBWorkID)10937371 035 $a(PQKB)10993661 035 $a(MiAaPQ)EBC310325 035 $a(OCoLC)232159899 035 $a(MdBmJHUP)muse39889 035 $a(WaSeSS)Ind00071556 035 $a(Au-PeEL)EBL310325 035 $a(CaPaEBR)ebr10159473 035 $a(CaONFJC)MIL523425 035 $a(EXLCZ)991000000000347113 100 $a19941122d1995 ub 0 101 0 $aeng 135 $aur|n|---||||| 181 $ctxt 182 $cc 183 $acr 200 00$aSocial movements and culture$b[electronic resource] /$fHank Johnston and Bert Klandermans, editors 205 $aNew ed. 210 $aMinneapolis, Minn. $cUniversity of Minnesota Press$dc1995 215 $a1 online resource (292 p.) 225 1 $aSocial movements, protest, and contention ;$vv. 4 300 $aDescription based upon print version of record. 311 $a0-8166-2575-1 311 $a0-8166-2574-3 320 $aIncludes bibliographical references (p. 247-267) and indexes. 327 $aContents; Preface; Part I. Conceptions of Culture in Social Movement Analysis; 1. The Cultural Analysis of Social Movements; 2. Cultural Power and Social Movements; 3. The Process of Collective Identity; 4. Rhetorical Psychology, Ideological Thinking, and Imagining Nationhood; Part II. Cultural Processes in Mobilization; 5. Constructing Social Protest; 6. What's in a Name? Nationalist Movements and Public Discourse; 7. Public Narration and Group Culture: Discerning Discourse in Social Movements 327 $a8. Culture in Rebellion: The Appropriation and Transformation of the Veil in the Algerian RevolutionPart III. Cultural Analysis of Social Movements; 9. Analytical Approaches to Social Movement Culture: The Culture of the Women's Movement; 10. Charting Degrees of Movement Culture: Tasks of the Cultural Cartographer; 11. A Methodology for Frame Analysis: From Discourse to Cognitive Schemata; Bibliography; Contributors; Index; Subject Index; Author Index 330 $aReflecting the recent surge of interest in culture, this volume brings together top researchers in the field of social movements whose work represents the major approaches to movement analysis from a cultural perspective. The contributors address such issues as approaches to culture; how movements are affected by the culture of the larger society in which they act; and the internal cultures of these movements. 410 0$aSocial movements, protest, and contention ;$vv. 4. 606 $aSocial movements 606 $aProtest movements 606 $aCulture$xPhilosophy 606 $aCulture$xMethodology 608 $aElectronic books. 615 0$aSocial movements. 615 0$aProtest movements. 615 0$aCulture$xPhilosophy. 615 0$aCulture$xMethodology. 676 $a303.48/4 701 $aJohnston$b Hank$0980479 701 $aKlandermans$b Bert$0738034 801 0$bMiAaPQ 801 1$bMiAaPQ 801 2$bMiAaPQ 906 $aBOOK 912 $a9910457637303321 996 $aSocial movements and culture$92237153 997 $aUNINA